1603 1920 1895 1618 1435 1895 1217 1631 1701 1166 1134 1010 1851 1551 1562 1351 1151 1228 1557 1044 1806 1739 1995 1820 1181 1656 1260 1255 1944 1815 1050 1671 1437 1248 1745 1986 1232 1572 1095 1922 1377 1593 1244 1749 1655 1694 1729 1908 1263 1160 1448 1557 1872 1908 1520 1244 1407 1535 1686 1840 1847 1046 1898 1743 1109 1168 1049 1238 1854 1888 1975 1272 1969 1032 1090 1996 1406 1514 1996 1464 1159 1662 1357 1129 1045 1585 1149 1402 1664 1774 1307 1693 1812 1016 1462 1913 1112 1831 1475 BCNSPRNW ULIB Ver.6.0+V

เปลี่ยนเป็นภาษาไทย

Change to English
 แสดงรายละเอียดบรรณานุกรม
  กลับหน้าหลัก

Brief Record : Get Marc (ISO 2709) : E-mail record : QR code < ปิดหน้าต่าง
LEADER : 00000nam 2200000uu 4500
001    13399123759
003     ULIB
008    141126s2553||||th 000 0 tha d
020    ^a9786167388113
041 0  ^atha
060 04 ^aWS100^bC641
245 00 ^aClinical practice in pediatrics :^bupdate and innovation /^cบรรณาธิการ, วีระชัย วัฒนวีรเดช ... [และคนอื่น ๆ]
250    ^aพิมพ์ครั้งที่ 1
260    ^aกรุงเทพฯ :^bกองกุมารเวชกรรม โรงพยาบาลพระมงกุฏเกล้า ภาควิชากุมารเวชศาสตร์ กองการศึกษา วิทยาลัยแพทยศาสตร์พระมงกุฎเกล้า,^c2553
300    ^axiv, 490 หน้า :^bภาพประกอบ (ภาพสีบางภาพ), ตาราง ; ^c21 ซม.
650  7 ^aกุมารเวชศาสตร์
650  7 ^aเด็ก, โรค^xการวินิจฉัย^vการประชุม
650  7 ^aเด็ก^xโรค^xการวินิจฉัย^vการประชุม
650  7 ^aเด็ก, โรค^xการรักษา^vการประชุม
650  7 ^aเด็ก,^xโรค^xการรักษา^vการประชุม
700 0  ^aวีระชัย วัฒนวีรเดช,^eบรรณาธิการ
700 0  ^aโสรยา ชัชวาลานนท์,^eบรรณาธิการ
700 0  ^aประไพพิมพ์ ธีรคุปต์,^eบรรณาธิการ
700 0  ^aชลิดา เลาหพันธ์,^eบรรณาธิการ
710 2  ^aโรงพยาบาลพระมงกุฏเกล้า. ^bกองกุมารเวชกรรม
710 2  ^aวิทยาลัยแพทยศาสตร์พระมงกุฎเกล้า. ^bกองการศึกษา.^bภาควิชากุมารเวชศาสตร์
945    ^p400^l0^i037108
945    ^p400^l0^i037109
945    ^p400^l0^i037110
945    ^p400^l0^i037111
945    ^p400^l0^i037112
945    ^p400^l0^i037113
945    ^p400^l0^i037114
945    ^p400^l0^i037115
945    ^p400^l0^i037116
945    ^p400^l0^i037117
945    ^p400^l0^i003784
945    ^p400^l0^i003785
999    ^aเกษร โพธิ์สุวรรณ
รายการนี้ยังไม่มีแท็ก
คุณยังไม่ได้ล็อกอิน คุณสามารถมีกิจกรรมร่วมกับเว็บไซต์ได้ แต่ต้องล็อกอินก่อน ::
  ล็อกอิน

รายการสื่อสารสนเทศ

ลำดับที่ ประเภท เลขเรียก/บาร์โค้ด สถานที่ สถานะ
1. วิทยาศาสตร์การแพทย์ และสุขภาพ
หนังสือสำรอง
สถานะ=หนังสือสำรอง
WS100 C641 ฉ.1 
  Barcode: 037108
ห้องสมุดวิทยาเขตสวรรค์ประชารักษ์
►ส่วนจัดเก็บหนังสือเก่า สปร
บนชั้น
  ขอยืม
2. วิทยาศาสตร์การแพทย์ และสุขภาพ
วิทยาศาสตร์การแพทย์ และสุขภาพ
WS100 C641 ฉ.10 
  Barcode: 037117
ห้องสมุดวิทยาเขตสวรรค์ประชารักษ์
►ส่วนจัดเก็บหนังสือเก่า สปร
บนชั้น
  ขอยืม
3. วิทยาศาสตร์การแพทย์ และสุขภาพ
วิทยาศาสตร์การแพทย์ และสุขภาพ
WS100 C641 ฉ.11 
  Barcode: 003784
ห้องสมุดวิทยาเขตสวรรค์ประชารักษ์
►ส่วนจัดเก็บหนังสือเก่า สปร
บนชั้น
  ขอยืม
4. วิทยาศาสตร์การแพทย์ และสุขภาพ
วิทยาศาสตร์การแพทย์ และสุขภาพ
WS100 C641 ฉ.12 
  Barcode: 003785
ห้องสมุดวิทยาเขตสวรรค์ประชารักษ์
►ส่วนจัดเก็บหนังสือเก่า สปร
บนชั้น
  ขอยืม
5. วิทยาศาสตร์การแพทย์ และสุขภาพ
วิทยาศาสตร์การแพทย์ และสุขภาพ
WS100 C641 ฉ.2 
  Barcode: 037109
ห้องสมุดวิทยาเขตสวรรค์ประชารักษ์
►ส่วนจัดเก็บหนังสือเก่า สปร
บนชั้น
  ขอยืม
6. วิทยาศาสตร์การแพทย์ และสุขภาพ
วิทยาศาสตร์การแพทย์ และสุขภาพ
WS100 C641 ฉ.3 
  Barcode: 037110
ห้องสมุดวิทยาเขตสวรรค์ประชารักษ์
►ส่วนจัดเก็บหนังสือเก่า สปร
บนชั้น
  ขอยืม
7. วิทยาศาสตร์การแพทย์ และสุขภาพ
วิทยาศาสตร์การแพทย์ และสุขภาพ
WS100 C641 ฉ.4 
  Barcode: 037111
ห้องสมุดวิทยาเขตสวรรค์ประชารักษ์
►ส่วนจัดเก็บหนังสือเก่า สปร
บนชั้น
  ขอยืม
8. วิทยาศาสตร์การแพทย์ และสุขภาพ
วิทยาศาสตร์การแพทย์ และสุขภาพ
WS100 C641 ฉ.5 
  Barcode: 037112
ห้องสมุดวิทยาเขตสวรรค์ประชารักษ์
►ส่วนจัดเก็บหนังสือเก่า สปร
บนชั้น
  ขอยืม
9. วิทยาศาสตร์การแพทย์ และสุขภาพ
วิทยาศาสตร์การแพทย์ และสุขภาพ
WS100 C641 ฉ.6 
  Barcode: 037113
ห้องสมุดวิทยาเขตสวรรค์ประชารักษ์
►ส่วนจัดเก็บหนังสือเก่า สปร
บนชั้น
  ขอยืม
10. วิทยาศาสตร์การแพทย์ และสุขภาพ
วิทยาศาสตร์การแพทย์ และสุขภาพ
WS100 C641 ฉ.7 
  Barcode: 037114
ห้องสมุดวิทยาเขตสวรรค์ประชารักษ์
►ส่วนจัดเก็บหนังสือเก่า สปร
บนชั้น
  ขอยืม
11. วิทยาศาสตร์การแพทย์ และสุขภาพ
วิทยาศาสตร์การแพทย์ และสุขภาพ
WS100 C641 ฉ.8 
  Barcode: 037115
ห้องสมุดวิทยาเขตสวรรค์ประชารักษ์
►ส่วนจัดเก็บหนังสือเก่า สปร
บนชั้น
  ขอยืม
12. วิทยาศาสตร์การแพทย์ และสุขภาพ
วิทยาศาสตร์การแพทย์ และสุขภาพ
WS100 C641 ฉ.9 
  Barcode: 037116
ห้องสมุดวิทยาเขตสวรรค์ประชารักษ์
►ส่วนจัดเก็บหนังสือเก่า สปร
บนชั้น
  ขอยืม

รายการใกล้เคียง
    หัวเรื่อง [กุมารเวชศาสตร์]

BibComment


ยังไม่เคยถูกคอมเมนท์

คอมเมนท์ทรัพยากรรายการนี้
  คอมเมนท์: Clinical practic..


 Copyright 2026. Bcnsprnw @Library